00430cam a2200157ua 45000010005000000080039000050400009000440820010000531000028000632450058000912500009001492600038001583000021001966530014002176530041002312165110804n ii |||gr||||Z||||||asm cMAIN a370.1 aBaruah, Jatin,eAuthor.1 aPrarambhik Sikshatattva aru buranjeecby Jatin Baruah a6th. aGuahati:bLawyers book stall,996. avi; 202p:c23cm. aEducation aPrarambhik Sikshatattva aru buranjee